000 00596cab a2200205 4500
001 WB2942-26
008 090401t1993 xxu||||| |||| 00| 0 eng d
035 _a(Sirsi) u67630
041 _aeng
245 _aWithout prejudice
260 _c1993
350 _a0
490 _aEstates Gazette
_v(9344) 6 November 1993, 115(1)
520 _aDiscusses a recent case on "without prejudice" communications; "V G Fraulo & Co Ltd v Papa" (1993) 39 EG 129.
650 _aNEGOTIATION
650 _aWITHOUT PREJUDICE
690 _aPROPERTY-LANDLORD AND TENANT
942 _n0
948 _c04/03/1997
999 _c42328
_d42328